| 000 | 00438nam a2200169 i 4500 | ||
|---|---|---|---|
| 001 | 25464 | ||
| 003 | ES-MaACL | ||
| 005 | 20230906153255.0 | ||
| 007 | t| | ||
| 008 | 021226s1966 sp ||||1| spa d | ||
| 100 | 1 |
_aArce, Manuel. _922456 |
|
| 245 | 1 | 0 |
_aAnzuelos para la lubina / _cManuel Arce. |
| 250 | _a[2ยช ed.]. | ||
| 260 |
_aBarcelona : _bDestino, _c[1966] |
||
| 300 |
_a154 p. ; _c19 cm. |
||
| 852 |
_aES-MaACL _jC-29924 _bR.60171 |
||
| 999 |
_c25464 _d25464 |
||